Anatomie d'un fleuve # le Rhin - Statistiques

Statistiques générales
  • Ce quiz a été pris 65 fois
  • Le résultat moyen est 14 sur 22
Statistiques - réponses
Question Réponse % Correct
Principale ville française au bord du Rhin Strasbourg
94%
Affluent du Rhin qui est aussi le nom d'un département français La Moselle
91%
Principauté longée par le Rhin Liechtenstein
89%
Dernier pays traversé par le fleuve Pays-Bas
89%
Métropole de ce pays qui est aussi le plus grand port d'Europe, située au bord du fleuve Rotterdam
83%
Nom allemand du Rhin Rhein
81%
Région allemande nommée d'après le nom du fleuve Rhénanie
81%
Etendue d'eau dans laquelle se jette le Rhin Mer du Nord
79%
Le Rhin partage son delta avec ce fleuve, qui prend sa source en France et auquel Jeanne d'Arc fit ses adieux La Meuse
77%
Lac qu'il traverse à la frontière helvético-austro-allemande Lac de {Constance}
74%
Le fleuve doit être particulièrement odorant en traversant cette grande ville allemande... Cologne
70%
Ressource minière qui a beaucoup contribué au développement économique de la vallée du Rhin lors de la Révolution industrielle Charbon
68%
Encore un affluent, dont le nom désigne aussi une région d'Allemagne très industrialisée La Ruhr
66%
Première grande ville sur son parcours, au niveau de laquelle il forme un coude pour se diriger vers le nord Bâle
64%
Culture agricole très présente dans cette partie de la moyenne vallée du Rhin Vignoble
53%
Fleuve souvent associé à la Belgique et dont l'embouchure se trouve non loin de ce delta L'Escaut
51%
Autre affluent bien connu car associé au nom d'une importante métropole allemande Le Main
49%
Trois Länder allemands ont leur capitale traversée par le Rhin. Citez-en une Wiesbaden | Mayence | Düsseldorf
49%
Rocher au bord du fleuve et créature de légende qui a inspiré les romantiques allemands La Lorelei
38%
Canton suisse dans lequel le Rhin prend sa source Grisons
34%
Opéra de Wagner, premier volet de sa tétralogie L'or du Rhin
21%
Poète français qui a célébré la vallée du Rhin au début du XXe siècle Guillaume Apollinaire
9%
Aucun quiz correspondant
Distribution des résultats
% des personnes avec chaque résultat
Percentile par nombre de réponses
Votre historique - résultats
Vous n’avez pas pris ce quiz